Word Ladder: Sporcle Subcategories Quiz Stats

 Plays Quiz Updated Apr 17, 2019

Score 0/30 Timer 04:00
0 Plays Today
Hint Four Letter Word % Correct
QuickFAST
96.7%
Be afraidFEAR
93.8%
A speed competitionRACE
93.3%
Part of the body below the ankleFOOT
93.2%
A great achievementFEAT
91.6%
British term for friendMATE
90.5%
A gathering dedicated to a particular interestFEST
89.6%
Grasp or carryHOLD
88.3%
Assign a value toRATE
88.2%
Bend something over on itselfFOLD
86.3%
A hard kickBOOT
85.5%
Young malesBOYS
84.5%
A hollow placeHOLE
83.7%
Reduce to a soft, pulpy stateMASH
83.2%
Coins or notesCASH
83.1%
Hint Four Letter Word % Correct
A frame or stand for storageRACK
83%
★Television subcategory★★CAST★
80.8%
★Miscellaneous subcategory★★FOOD★
80.7%
★Literature subcategory★★BOOK★
79.3%
★Science subcategory★★MATH★
79.2%
★Music subcategory★★ROCK★
76.9%
JeersBOOS
74.8%
Bird similar to a crowROOK
74.3%
★Gaming subcategory★★TOYS★
70.3%
Sticky liquid substancesGOOS
68.9%
Make a mistake (informal)GOOF
67.4%
★Sports subcategory★★GOLF★
66.6%
★Movies subcategory★★ROLE★
62.2%
Liesl's love interest in 'The Sound of Music'ROLF
60%
★History subcategory★★YEAR★
51.8%

Today's Daily Dose

You're not logged in!

Compare scores with friends on all Sporcle quizzes.
OR
Log In

Sporcle TV

Today on Sporcle TV


Watch our educational content, quiz creation guides, and fun videos on Sporcle TV.

Show Comments

Extras

Top Quizzes Today


Score Distribution

Your Account Isn't Verified!

In order to create a playlist on Sporcle, you need to verify the email address you used during registration. Go to your Sporcle Settings to finish the process.

Report this User

Report this user for behavior that violates our Community Guidelines.

Details: